Million Cities Minefield: The Americas Quiz Stats

Quiz Updated Feb 4, 2018

Challenge
Share
Tweet
Embed
Score 0/17 Timer 05:00
1 Play Today
# of Cities Country % Correct
10???
94.5%
10???
93.2%
3???
88.7%
17???
88.6%
3???
81.2%
4???
67.7%
1???
67.5%
1???
61.6%
3???
58.4%
# of Cities Country % Correct
1???
44.2%
2???
33.5%
1???
31.2%
1???
28.9%
1???
15.3%
1???
12.9%
1???
11.8%
Mine???
7.9%

You're not logged in!

Compare scores with friends on all Sporcle quizzes.
Sign Up with Email
OR
Log In

You Might Also Like...

Show Comments

Extras

Top Quizzes Today


Score Distribution

Your Account Isn't Verified!

In order to create a playlist on Sporcle, you need to verify the email address you used during registration. Go to your Sporcle Settings to finish the process.

Report this User

Report this user for behavior that violates our Community Guidelines.

Details: